000 00431nam a2200169Ia 4500
008 221030s9999 xx 000 0 und d
020 _a8185015619
041 _aEnglish
082 _a105.23
_bAho
100 _aA. V. Aho
245 0 _aPrinciples of Compiler Design
_cby A. V. Aho, J. D. Ullman
260 _bNarosa Pub House
_aNew Delhi
_c1985
300 _a601
650 _aBE Computer
700 _aJ. D. Ullman
942 _cBK
999 _c7449
_d7449